The 10 Most Populated European Capitals - Map Quiz - Statistics

General Stats
  • This quiz has been taken 30 times
  • The average score is 6 of 10
Answers on the Map
Answers color-coded by a green-red scale on the quiz's map according to % correct below.
 
Answer Stats
Answer % Correct
London
95%
Madrid
89%
Paris
89%
Moscow
84%
Rome
68%
Athens
63%
Berlin
63%
Kiev
37%
Lisbon
21%
Brussels
16%
No matching quizzes found
Score Distribution
Percent of People with Each Score
Percentile by Number Answered
Your Score History
You have not taken this quiz